000 00780cam a22002293a 4500
001 18472
003 PGUSA
005 20140828083407.0
008 060530s2006||||xxu|||||s|||||000 | eng d
040 _aPGUSA
_beng
042 _adc
050 4 _aPQ
100 1 _aCrébillon, Claude Prosper Jolyot de,
_d1707-1777
245 1 4 _aThe Amours of Zeokinizul, King of the Kofirans :
_bTranslated from the Arabic of the famous Traveller Krinelbol
_h[electronic resource] /
_cClaude Prosper Jolyot de Crébillon
260 _bProject Gutenberg,
_c2006
506 _aPublic domain in the USA.
516 _aElectronic text
653 _aLouis XV, King of France (1710 – 1774)
830 0 _aProject Gutenberg
_v18472
856 4 0 _uhttp://www.gutenberg.org/ebooks/18472
942 _cEB
999 _c247727
_d247727